A. WESLEY POWELL LEARNING RESOURCE CENTRE (WPLRC)

Wonderful Place to Learn, Research & Collaborate

Readings In Social Security (Record no. 15435)

MARC details
000 -LEADER
fixed length control field 00395nam a2200169 4500
001 - ACCESSION NUMBER
control field 13777
003 - CONTROL NUMBER IDENTIFIER
control field 00
005 - DATE AND TIME OF LATEST TRANSACTION
control field 20220819154224.0
007 - PHYSICAL DESCRIPTION FIXED FIELD--GENERAL INFORMATION
fixed length control field 00
008 - FIXED-LENGTH DATA ELEMENTS--GENERAL INFORMATION
fixed length control field 00
020 ## - INTERNATIONAL STANDARD BOOK NUMBER
International Standard Book Number 00
040 ## - CATALOGING SOURCE
Original cataloging agency 00
Transcribing agency 00
082 ## - DEWEY DECIMAL CLASSIFICATION NUMBER
Classification number 368.4/REA
245 ## - TITLE STATEMENT
Title Readings In Social Security
Statement of responsibility, etc. Reading
260 ## - PUBLICATION, DISTRIBUTION, ETC. (IMPRINT)
Place of publication, distribution, etc. New York
Name of publisher, distributor, etc. Prentice-Hall, Inc.
Date of publication, distribution, etc. 1948
942 ## - ADDED ENTRY ELEMENTS (KOHA)
Source of classification or shelving scheme Dewey Decimal Classification
Koha item type Circ Books
Classification part 368.4/REA
Item part 13777
Holdings
Withdrawn status Lost status Source of classification or shelving scheme Damaged status Not for loan Home library Current library Date acquired Total Checkouts Full call number Barcode Date last seen Price effective from Koha item type
Withdrawn   Dewey Decimal Classification     Wesley Powell Learning Resource Centre Wesley Powell Learning Resource Centre 08/19/2022   368.4/REA 13777 08/19/2022 08/19/2022 Circ Books